[Event "Tilburg Fontys"]
[Site "Tilburg"]
[Date "1997.10.04"]
[Round "7"]
[White "Leko, Peter"]
[Black "Piket, Jeroen"]
[Result "1-0"]
[WhiteElo "2635"]
[BlackElo "2630"]
[Annotator "Ftacnik,L"]
[PlyCount "59"]
[EventDate "1997.09.27"]
[EventType "tourn"]
[EventRounds "11"]
[EventCountry "NED"]
[EventCategory "17"]
[SourceTitle "CBM 061"]
[Source "ChessBase"]
[SourceDate "1997.11.23"]
[SourceVersion "1"]
[SourceVersionDate "1997.11.23"]
[SourceQuality "1"]

1. e4 c5 2. Nf3 Nc6 3. d4 cxd4 4. Nxd4 g6 5. c4 Bg7 6. Be3 Nf6 7. Nc3 Ng4 8.
Qxg4 Nxd4 9. Qd1 Ne6 10. Rc1 Qa5 11. a3 b6 12. Bd3 g5 (12... Bb7 13. O-O h5 (
13... O-O 14. Rc2 f5 15. Nd5 Rae8 16. f4 Qa4 17. exf5 gxf5 18. Be2 Nd4 19. Bxd4
Bxd4+ 20. Kh1 e6 21. b3 Qxa3 22. Nc7 Qxb3 23. Nxe8 Rxe8 24. Rd2 Qxd1 25. Rfxd1
e5 {1-0 Dolmatov,S-Sriram,J/Calcutta op 1996 (44)}) 14. f4 Rc8 15. e5 g5 16. b4
Qxa3 17. Nb5 Qxb4 18. Rb1 Qa5 19. Ra1 Qb4 20. Ra4 Qb2 21. Rf2 Qxf2+ 22. Bxf2 {
Dautov,R-Becker,M/Halle-B 1987/1-0 (49)}) 13. O-O Bb7 14. Rc2 Bxc3 (14... Qe5
15. Nd5 $14) 15. Rxc3 Qe5 16. Re1 h5 (16... Bxe4 17. Bd2 Nc5 18. f3 Nxd3 19.
Rxd3 $18) 17. Bd2 Rh6 (17... Nc5 18. b4 $1 Nxd3 19. Rxd3 Rh7 20. Rxd7 $18) 18.
h4 $6 (18. b4 $5 $14) 18... Rg6 19. hxg5 (19. Qxh5 O-O-O 20. c5 $6 bxc5 $15)
19... Nxg5 20. Qxh5 (20. f4 $2 Nh3+ $19) 20... Qg7 21. Kf1 (21. e5 $2 Nf3+ 22.
Kf1 Rxg2 $19) (21. Bb1 $2 Nxe4 $17) 21... Ne6 22. g3 O-O-O 23. Be3 $2 {Leko
underestimates black´s counterplay, he had to take a good care about his own
security. Leko unterschatz schwarzes Gegenpiel, es war schon Zeit sich um
eigene Sicherheit zu kummern.} (23. e5 Rh8 24. Bxg6 fxg6 25. Qg4 Rh1+ 26. Ke2
Qxe5+ 27. Kd1 (27. Be3 Bf3+ 28. Kxf3 Rxe1 29. Qxg6 $13) 27... Nd4 28. Rxh1 Bxh1
29. Re3 Bf3+ 30. Qxf3 Nxf3 31. Rxe5 Nxe5 $11) 23... Rh8 24. Qf3 (24. Qd1 Nc5
25. Bxc5 bxc5 26. Qa4 Rf6 $17) 24... Rh2 25. c5 Rf6 26. cxb6+ Kd8 27. Bf4 Nd4
$1 (27... Nxf4 28. gxf4 Rxb6 29. Rb1 (29. Re2 Qh8 30. Rec2 Rh1+ 31. Ke2 Rxb2
$17) 29... Qh8 $15) 28. Qe3 (28. Bc7+ Ke8 29. Qe3 Rfh6 $19) 28... Qg4 29. Qxd4
(29. f3 Qh3+ 30. Kg1 Qg2#) 29... Qf3 $4 (29... Rxf4 $1 30. Kg1 (30. Rc7 Rh1+
31. Kg2 Qh3#) 30... Qh5 31. Qxd7+ (31. gxf4 Rh1+ 32. Kg2 Qh3#) 31... Kxd7 32.
Bb5+ Ke6 $19) 30. Qxd7+ $1 (30. Qxd7+ Kxd7 31. Bb5+ Bc6 32. Bxc6+ Rxc6 33. Rxf3
$18) 1-0

[Event "Helsingor Jubilee"]
[Site "Helsingor"]
[Date "1999.10.23"]
[Round "4"]
[White "Andersson, Ulf"]
[Black "Hansen, Sune Berg"]
[Result "1-0"]
[WhiteElo "2623"]
[BlackElo "2558"]
[Annotator "Hansen,Cu"]
[PlyCount "106"]
[EventDate "1999.10.19"]
[EventType "tourn"]
[EventRounds "6"]
[EventCountry "DEN"]
[EventCategory "13"]
[SourceTitle "CBM 074"]
[Source "ChessBase"]
[SourceDate "2000.02.01"]
[SourceVersion "1"]
[SourceVersionDate "2000.02.01"]
[SourceQuality "1"]

1. Nf3 {Alterman} c5 2. c4 g6 3. d4 cxd4 4. Nxd4 Bg7 5. e4 Nc6 6. Be3 Nf6 7.
Nc3 Ng4 {This line has been played a lot by Bent Larsen, both with the
textmove and with:} (7... d6 8. Be2 O-O 9. O-O Bd7 10. Qd2 Nxd4 11. Bxd4 Bc6 {
Especially Peter Heine Nielsen (Nielsen,PH) has followed Larsens example and
until recently the danish champion of 1999 played this variation quite often.
Also Sune Berg Hansen - the black player in this game - has had good results
as black with that setup. A win in the Bundesliga 98/99 against Bosch and
another somewhat lucky win against Ftacnik in the open city championship of
Hamborg 1999. The textmove is supposed to give a more complicated game, but is
also more difficult to play for black}) 8. Qxg4 Nxd4 9. Qd1 Ne6 10. Qd2 Qa5 11.
Rc1 b6 12. b3 {Interestingly Peter Heine Nielsen and Carsten Hansen wrote a
book about the accelerated Dragon published on Batsford 1998. They hardly
mention Qd2 + Rc1. In connection with the setup b2-b3 (without Bf1-d3) there
is no information at all so these two experts don´t seem to think black has
any particular problems. Maybe they are right.} Bb7 13. f3 {'!?' Alterman.} (
13. Nd5 Qxd2+ 14. Kxd2 g5 $6 {according to Donaldssons and Silmans book about
the accelerated Dragon - also from 1998 - better is:} (14... Rc8 15. b4 (15. g3
{Alterman} Nc5 16. f3 d6 17. Bh3 e6 18. Nc3 Ke7 19. Ke2 Ba6 20. Rhd1 Rcd8 21.
Bg2 (21. Kf2 $14) 21... Bf6 22. Kf2 $14 {1-0 Timman,T-Van Den Berg,A/
Leeuwarden NK 1972 (75)}) (15. f3 h5 (15... Nc5 16. Be2 e6 17. Nc3 d6 18. b4
Nd7 19. Nb5 Ke7 20. Rc2 a6 21. Nc3 $11 {1-0 Sarkosy,L-Langner,L/CZE-ch
Bratislava ,EXT 1991 (60)}) (15... Bd4 16. Be2 d6 17. f4 Bxe3+ 18. Kxe3 Nc5 19.
b4 Nxe4 20. Kxe4 e6 21. Kd4 exd5 22. cxd5 Ke7 $11 {1/2-1/2 Lalic,B-Vehi Bach,V/
Manresa ,CBM 1995 (31)}) (15... f5 16. exf5 gxf5 17. Bd3 Nc5 18. Bf4 (18. Bxf5
e6 19. Rhe1 Kf8 $19) 18... Nxd3 19. Kxd3 Kf7 20. Bd2 e6 21. Nc3 d5 22. cxd5
Ba6+ 23. Kc2 exd5 $15 {1/2-1/2 Medvegy,Z-Molander,R/Patras GRE 1999 (34)}) 16.
h4 Bb2 17. Rb1 Bd4 18. Be2 f6 19. f4 Kf7 20. g4 Bxe3+ 21. Kxe3 hxg4 22. Bxg4
Nc5 23. h5 e6 24. hxg6+ Kg7 25. Nc3 Kxg6 $11 {0-1 Wedberg,T-Tangborn,E/Berlin
op (1) 1988 (83)}) (15. f4 Nc5 16. Bxc5 bxc5 17. Bd3 e6 18. Nc3 Ke7 $15 {
0-1 Polajzer,D-Plachetka,J/Zurich ,EXT 1990 (29)}) (15. Be2 Nd4 (15... Bb2 16.
Rc2 Be5 17. Rcc1 Nc5 18. f3 f5 19. b4 Ne6 20. exf5 gxf5 21. f4 Bd6 22. a3 Kd8
23. g3 $14 {0-1 Jovanovic,S-Seres,L/Budapest FS09 IM 1996 (44)}) 16. f3 e6 17.
Nc3 O-O 18. Rhd1 d5 19. Bxd4 Bxd4 20. cxd5 exd5 21. Nxd5 Rfe8 $16 {1/2-1/2
Ziska,B-Sosa,L/Moscow olm FAI-PUR 1994 (21)} (21... Bxd5 22. exd5 Rcd8 23. Bc4
Be5 24. g3 b5 25. Bxb5 Rxd5+ 26. Bd3 Rfd8 $14)) 15... Nd4 (15... d6 16. Bd3 Bd4
17. h4 (17. f4 f6 18. Ke2 Bxe3 19. Kxe3 Kf7 20. Rc3 $14 {1-0 Nesterov,
J-Ilinsky,V/Bishkek zt 1993 (54)}) 17... Kd7 18. Rhd1 Bxe3+ 19. Kxe3 h6 20. f4
g5 21. f5 Bxd5 22. cxd5 Nc7 23. hxg5 hxg5 24. Rh1 $14 {1/2-1/2 Hierholz,
B-Walther,A/VLNBaden 1992 (33)}) 16. Bd3 e6 {after which the strong Nd5 is
pushed back and black seems to have solved most problems} (16... e6 17. Nc3 Ke7
18. f3 (18. c5 bxc5 19. bxc5 f5 20. f3 Rhd8 21. Rb1 Ba8 22. Rb4 Nc6 23. Ra4 $14
{1-0 Dabrowska,K-Debovska/Moscow olw 1994 (39)}) 18... d6 19. Rb1 Nc6 20. Nb5
Ba6 21. Nxd6 Rcd8 22. c5 Bxd3 23. Kxd3 Be5 $11 {1/2-1/2 Boensch,U-Teske,H/DDR
ch Zittau 1989 (31)}) (16... Nc6 17. c5 e6 (17... b5 18. Bxb5 e6 19. Bxc6 Bxc6
20. Nc3 Rb8 21. Rb1 Bxc3+ 22. Kxc3 Bxe4 23. Rb2 Bxg2 24. Rg1 Bc6 25. b5 Bd5 26.
Bf4 Rc8 27. Bd6 $16 {1/2-1/2 Balashov,Y-Kotsur,P/Kurgan 1995 (63)}) 18. cxb6
exd5 19. exd5 Ne5 20. Rxc8+ Bxc8 21. bxa7 Bb7 22. Ba6 Bxd5 23. b5 Nc4+ 24. Ke2
Nxe3 25. fxe3 Ke7 26. b6 Ra8 27. Rc1 $18 {1-0 Levin,F-Lerner Konstantin Z/
Berlin Summer 1992 (33)})) (14... Be5 {Alterman} 15. g3 (15. f3 g5 16. h4 h6
17. hxg5 hxg5 18. Rxh8+ Bxh8 19. Bd3 $14 {1/2-1/2 Hartoch,R-Sosonko,G/
Leeuwarden 1973 (45)}) 15... g5 16. b4 h5 17. Be2 h4 18. Rhf1 hxg3 19. hxg3 Kf8
20. f4 $14 {1-0 Soffer,R-Becker,M/Budapest FS-4A(2) 1994 (37)}) 15. h4 h6 16.
hxg5 (16. Bd3 {Alterman} Rc8 17. hxg5 hxg5 18. g3 Rg8 19. f4 gxf4 20. gxf4 d6
21. Rcg1 $14 {1-0 Nikolin,Z-Stoisavljevic,S/YUG-chT Cetinje ,EXT 1992 (80)})
16... hxg5 17. Rxh8+ Bxh8 18. Bd3 d6 19. Rh1 Kd7 20. Rh7 Rf8 21. Be2 Nf4 22.
Bg4+ Kd8 23. g3 Nxd5 24. exd5 {'+/-' Alterman. Alterman: '1-0 Luther,T-Ellers,
H/Schwerin GER 1999 (34)'} Bf6 25. Kd3 Bc8 26. Bxc8 Kxc8 27. Ke4 Kc7 28. Kf5 a6
29. Bxg5 Bxg5 30. Kxg5 Kd7 31. Kh6 e5 32. Kg7 Ke7 33. Rh8 Rxh8 34. Kxh8 {
1-0/Luther-Ellers/Schwerin/1999. I was sure Andersson had been inspired by
this game but when I asked the swedish grandmaster during a Bundesligamatch he
said he did not know it !}) 13... g5 {'?!' Alterman.} (13... d6 $5 14. Nd5 {
[%csl Gd5] And it is not clear whether black can equalise. Ulf Andersson was
asked some years ago why he does not play the Dragon anymore. Maybe he knew a
refutation of the sharp opening? His reason was another one: "the square d5 is
to weak".} (14. Nd5 {Alterman} Qxd2+ 15. Kxd2 Kd7 16. Bd3 (16. g3 Bd4 (16...
Nd4 17. Bg2 e6 18. Nc3 h5 19. Rhd1 h4 20. Ke1 e5 21. Kf2 f5 22. f4 (22. Nb5
Nxb5 (22... fxe4 23. fxe4 hxg3+ 24. hxg3 Raf8+ 25. Ke1 Rh2 26. Rd2 Nxb5 27.
cxb5 Rxg2 28. Rxg2 Bxe4 29. Rf2 Bf5 30. Rc4 $16 {[%cal Gc4a4]}) 23. cxb5 hxg3+
24. hxg3 fxe4 25. fxe4 Rh2 26. Kg1 Rah8 27. Rf1 Rxg2+ 28. Kxg2 Bxe4+ 29. Kf2
Rh2+ 30. Ke1 {[%cal Gf1f7]} Bf5 $15) 22... hxg3+ 23. hxg3 Rh2 24. Rh1 Rah8 25.
Rxh2 Rxh2 26. Kg1 $11 {1/2-1/2 Bell,S-Ward,C/Ware,ENG 1996 (34)}) 17. Bh3 Bxe3+
18. Kxe3 Kd8 19. Rc2 Nc7 20. Rhc1 e6 21. Nc3 Ke7 22. Rd2 Rhd8 23. f4 f6 24.
Rcd1 $14 {1-0 Vidarte Morales,A-Fluvia,J/Castellar ,EXT 1995 (62)}) 16... Rac8
17. Rhd1 $14) (14. Be2 g5 15. Nd5 Qxd2+ 16. Kxd2 Kd7 17. b4 Be5 18. g3 Rhg8 19.
Rhf1 Nd4 20. Bd1 e6 21. Nc3 Nc6 22. a3 Ke7 23. Kd3 Bh8 24. f4 (24. Be2 Rac8 25.
Kc2 Bd4 $11) 24... gxf4 25. gxf4 Rg2 26. Rf2 Rag8 27. Bf3 Rxf2 28. Bxf2 Bf6 $11
{1-0 Palatnik,S-Kyas,J/Cattolica 1993 (41)})) 14. Nd5 {Andersson has his own
style of play. It is generally known that he likes and is very strong in
endgames. In this game his opponent probably played 7..Ng4 just to get a
complicated middlegame. Still after the textmove he is forced into the endgame.
That was hardly the plan, and maybe blacks problems in the early middlegame 
(endgame?) can be put down to the fact that he did not continue to play sharp
and aggressive in the endgame - see: move 16} Qxd2+ 15. Kxd2 Rc8 (15... Rg8 16.
h4 h6 17. hxg5 hxg5 18. g3 {is unpleasant for black}) 16. h4 {'+/=!' Alterman.
Alterman: 'The line H maybe useful for White rooks.'} (16. Be2 {Alterman} Bb2
17. Rb1 Be5 18. g3 f6 19. Rhf1 Bxd5 20. exd5 Nc5 21. b4 Nb7 22. Rfc1 Kf7 23. f4
$14 {1-0 Savicevic,V-Spiric,I/YUG-chT Cetinje ,EXT 1992 (44)}) 16... h6 $2 (
16... g4 $5 {Sune Berg Hansen} 17. fxg4 (17. Bd3 Nc5 18. Bb1 Rg8 $132) (17. h5
Rg8) 17... Nc5 18. Bxc5 (18. Bd3 {This is my suggestion. Hansen,Cu} e6 19. Nc3
Bxc3+ 20. Kxc3 Nxe4+ 21. Kb2 Rg8 22. g5 {is maybe slightly better for white})
18... Rxc5 $44) 17. hxg5 hxg5 18. Rxh8+ Bxh8 19. Be2 (19. Bd3 $14 {Alterman})
19... Bd4 20. Rh1 d6 21. Rh5 (21. Rh7 Nf8 22. Rh5 Bxe3+ 23. Kxe3 f6 {[%cal
Ye8f7,Ye7e6] Followed by Kf7 and e7-e6 and black seems to be relatively ok})
21... Bxe3+ 22. Kxe3 Kd7 23. Rh7 Rf8 24. g3 {Now black has big problems
keeping both g5 and the 7th rank protected} Nd8 25. Bf1 e6 26. Bh3 Bxd5 {
'+/-?' Alterman.} (26... Nc6 {[%cal Yd7d8]} 27. Rg7 $1 $16 (27. f4 gxf4+ 28.
gxf4 Kd8 29. Bxe6 fxe6 30. Rxb7 exd5 31. cxd5 $13) (27. Rg7 {Alterman} Ne5 28.
Nf6+ $16 {[%csl Rg5]})) (26... Ke8 $1 {Alterman} 27. Nf6+ (27. Nc7+ Ke7 28. Nb5
a6 29. Nd4 Kf6 30. Bg4 Kg6 31. Rh2 Nc6 32. Nxc6 Bxc6 33. Rd2 Rd8 34. f4 (34. e5
d5 35. f4 Rh8 36. Bf3 Rh3 37. cxd5 exd5 38. Bxd5 Bxd5 39. Rxd5 Rxg3+ 40. Kf2
gxf4 41. Rd6+ Kf5 42. Rxb6 Rg6 $15) 34... gxf4+ 35. gxf4 Kf6 $11) 27... Ke7 28.
Rh6 (28. Nh5 Nc6 29. f4 gxf4+ 30. gxf4 $14 (30. Nxf4 {[%csl Re6][%cal Gf4g6]}
Rg8 (30... Kf6 31. Bxe6 (31. Nxe6 fxe6 32. Rxb7 Rh8 $44) 31... fxe6 32. Rxb7
$16) 31. Bxe6 Ne5 (31... Rxg3+ 32. Kf2 $18 {[%csl Rf7,Rg3]}) 32. g4 Kf6 33. Bf5
(33. Bd5 Bc8 34. Nd3 Nxg4+ 35. Kf3 Rg7 $11) 33... Nxg4+ 34. Bxg4 Rxg4 35. Rh6+
Kg5 36. Rh5+ Kf6 37. Rh6+ $11)) 28... Nc6 29. f4 gxf4+ 30. gxf4 Rc8 31. f5 $14)
27. exd5 Ke7 28. Ke4 {White now has a position with B against N and play
against weak Ps. Still the postion has to be won, but Andersson has one of his
favorite type of postion.} Kf6 29. dxe6 Re8 (29... Nxe6 30. Bxe6 Kxe6 31. Rh6+
f6 32. f4 (32. Rh7 $5) 32... gxf4 33. gxf4 Rf7 34. f5+ Ke7 35. Kd5 Rg7 36. Rh8
$18) 30. Bg4 Nxe6 31. Kd5 Kg6 32. Rh2 Ng7 33. Bd7 (33. Kxd6 f5 34. Bh3 Re3 $132
) 33... Re3 34. Rf2 $1 {The R now has a defensive role to play. But this gives
the K and B a free hand on the Q-side} Nh5 (34... Rd3+ 35. Kc6 {[%cal Yc6b7]})
35. g4 Nf6+ 36. Kc6 {'!' Alterman.} Kg7 (36... Nxd7 37. Kxd7 f5 (37... Rd3 38.
Kc6 f5 39. Kb7 d5 40. cxd5 $1 $18 (40. Kxa7 $2 dxc4 41. bxc4 fxg4 42. fxg4 Rc3
43. Kxb6 Rxc4 44. Rg2 Re4 45. Kb5 Re5+ 46. Kc6 Re4 $11)) 38. Kxd6 fxg4 39. fxg4
Rg3 40. b4 Rxg4 41. Rc2 $18) 37. Bf5 Ne8 38. Be4 Nf6 39. Bd5 Ne8 40. b4 (40.
Kd7 Kf8 $1) (40. f4 gxf4 41. Rxf4 Re7 {and black would have had better
defensive chances than in the game}) 40... Re7 41. Rd2 Kf8 42. Be4 Rc7+ 43. Kb5
Rc8 $2 {The decisive mistake} (43... Ke7 $142 $16) 44. Bb7 $1 Rc7 (44... Rb8
45. Ka6 $18) 45. Bc6 Ng7 46. Rxd6 Ke7 47. Rd2 Ne6 48. Bd5 Nf4 49. Be4 Kf6 50.
c5 bxc5 51. bxc5 Ne6 52. c6 Rc8 53. Rd7 Nc7+ 1-0

[Event "NED-ch54"]
[Site "Rotterdam "]
[Date "1999.06.01"]
[Round "4"]
[White "Nijboer, Friso"]
[Black "Reinderman, Dimitri"]
[Result "1/2-1/2"]
[WhiteElo "2515"]
[BlackElo "2541"]
[Annotator "Hansen,Cu"]
[PlyCount "134"]
[EventDate "1999.05.29"]
[EventType "tourn"]
[EventRounds "11"]
[EventCountry "NED"]
[EventCategory "12"]
[SourceTitle "CBM 072"]
[Source "ChessBase"]
[SourceDate "1999.10.01"]
[SourceVersion "1"]
[SourceVersionDate "1999.10.01"]
[SourceQuality "1"]

1. e4 c5 2. Nf3 Nc6 3. d4 cxd4 4. Nxd4 g6 5. c4 Bg7 6. Be3 Nf6 7. Nc3 Ng4 8.
Qxg4 Nxd4 9. Qd1 Ne6 10. Rc1 Qa5 11. Be2 b6 12. Qd5 Rb8 13. Qxa5 bxa5 14. b3
Bd4 15. Bxd4 Nxd4 16. e5 Rf8 17. Bd3 f6 18. exf6 Rxf6 19. O-O Ne6 20. Nd5 Rf7
21. f4 Nc5 22. Bc2 Bb7 23. Nc3 Rf6 24. g3 Rb6 25. Rce1 Kf7 26. h4 e6 27. h5 a4
28. Nb5 axb3 29. axb3 a6 30. Nd4 Rd6 31. Rd1 Be4 32. Bxe4 Nxe4 33. Kg2 gxh5 34.
Rfe1 Nc5 35. Kh3 Kf6 36. Rd2 Rdb6 37. Re5 Nxb3 38. Nxb3 Rxb3 39. Rxd7 Rg8 40.
Rg5 Rxg5 41. fxg5+ Kxg5 42. Rg7+ Kf5 (42... Kh6 $5 {Activity is very important
in rook-endings, so this move does not look natural. However the question is
very often to find the right moment to give up material for good pieceplay.
The double P-sacrifice 42. - Kf5 could be to early. Lets look at the
alternative:} 43. Re7 Rb6 {[%cal Yb6c6] If black would get the chance to play
Rb6-c6 I think he would have good winning chances} 44. Rc7 $1 Kg6 45. c5 (45.
Rc5 {[%csl Gc5][%cal Yc5a5,Yc5h5]} h6 {(.)} 46. Rc8 (46. Kh4 Rd6 (46... Rb1 47.
Kh3 $11) 47. Kh3 Rd4 48. Re5 Kf6 49. Rxh5 Rxc4 50. Rxh6+ Ke5 $17) (46. Kg2 Rd6
47. Kf2 Rd4 {[%cal Ya6a5]}) 46... Kf5 (46... a5 $2 47. Ra8 $11) (46... e5 47.
c5 Rb5 (47... Rf6 48. c6 Kf5 49. c7 Rf7 50. Kh4 e4 51. Kxh5 $11) 48. c6 Rc5 49.
c7 Kg7 50. Re8 Rxc7 51. Rxe5 Ra7 52. Ra5 Kg6 53. Kh4 Ra8 54. Kh3 $11) 47. c5
Rb1 48. Rh8 a5 49. Rxh6 Rc1 50. Rxh5+ Ke4 $17) 45... Rb5 46. Rc6 Kf6 47. Rxa6
Rxc5 48. Kg2 Rf5 $15 {Black has some chances. In my opinion this was a better
try than the game, but that is of course easy to say afterwards}) 43. Rxh7 e5
44. Rxh5+ Ke4 45. Rh6 a5 46. Ra6 Ra3 47. c5 {White now has counterplay.} Kd3 (
47... Kd5 48. c6 Kd6 49. Kg4 $1 (49. Kh4 a4 (49... e4 50. Kg4 $1 $11) 50. g4
Ra1 51. g5 a3 52. g6 a2 $19) 49... a4 50. Kf5 $11) 48. c6 e4 49. Ra8 {[%cal
Rc6c7]} Rc3 50. Rxa5 Rxc6 51. Rd5+ Ke2 52. g4 e3 53. g5 Kf3 54. Rf5+ Ke4 55.
Rf6 $1 Rc1 56. Re6+ Kf4 57. g6 Rg1 58. Kh2 Rg4 59. Kh3 Rg5 60. Kh2 Kf3 61. Rf6+
Ke4 62. Re6+ Kd3 63. Rd6+ Kc2 64. Rc6+ Kd2 65. Rd6+ Ke1 66. Kh3 e2 67. Kh4 Rg2
1/2-1/2

[Event "Petermaennchen GM"]
[Site "Schwerin"]
[Date "1999.08.10"]
[Round "3"]
[White "Luther, Thomas"]
[Black "Ellers, Holger"]
[Result "1-0"]
[WhiteElo "2507"]
[BlackElo "2426"]
[Annotator "Hansen,Cu"]
[PlyCount "67"]
[EventDate "1999.08.09"]
[EventType "tourn"]
[EventRounds "9"]
[EventCountry "GER"]
[EventCategory "10"]
[SourceTitle "CBM 073"]
[Source "ChessBase"]
[SourceDate "1999.12.01"]
[SourceVersion "1"]
[SourceVersionDate "1999.12.01"]
[SourceQuality "1"]

1. e4 c5 2. Nf3 Nc6 3. d4 cxd4 4. Nxd4 g6 5. c4 Bg7 6. Be3 Nf6 7. Nc3 Ng4 8.
Qxg4 Nxd4 9. Qd1 Ne6 10. Qd2 Qa5 11. Rc1 b6 12. b3 Bb7 13. Nd5 (13. f3 g5 $6 (
13... d6) 14. Nd5 Qxd2+ 15. Kxd2 Rc8 $6 (15... h6 16. h4 Rg8 $8) 16. h4 h6 17.
hxg5 hxg5 18. Rxh8+ Bxh8 19. Be2 Bd4 20. Rh1 d6 21. Rh5 Bxe3+ 22. Kxe3 Kd7 23.
Rh7 Rf8 24. g3 Nd8 25. Bf1 e6 26. Bh3 Bxd5 27. exd5 Ke7 28. Ke4 Kf6 29. dxe6
Re8 30. Bg4 Nxe6 31. Kd5 Kg6 32. Rh2 Ng7 33. Bd7 Re3 34. Rf2 Nh5 35. g4 Nf6+
36. Kc6 Kg7 37. Bf5 Ne8 38. Be4 Nf6 39. Bd5 Ne8 40. b4 Re7 41. Rd2 Kf8 42. Be4
Rc7+ 43. Kb5 Rc8 44. Bb7 Rc7 45. Bc6 Ng7 46. Rxd6 Ke7 47. Rd2 Ne6 48. Bd5 Nf4
49. Be4 Kf6 50. c5 bxc5 51. bxc5 Ne6 52. c6 Rc8 53. Rd7 Nc7+ {1-0 Andersson,
U-Hansen,S/Helsingor Jub, Helsingor DEN 1999 (53)}) 13... Qxd2+ 14. Kxd2 g5 $2
{This is a serious mistake, as long as black has not played d7-d6 and Ke8-d7
so as to be able to take back with the R on h8. In the game the control of the
h-<-> gives white a big endgame advantage. This was also seen in a very
similar position in the game Ulf Andersson-Sune Berg Hansen Helsingör October
1999 (1-0, 53). However in that game black had the excuse of having played
g6-g5 before white exchanged Qs by Nc3-d5} (14... Rc8 $142 $14) 15. h4 h6 16.
hxg5 $1 {The most exact} (16. Bd3 Rg8 $5) 16... hxg5 17. Rxh8+ Bxh8 18. Bd3 d6
19. Rh1 Kd7 20. Rh7 $16 Rf8 21. Be2 $1 {[%cal Ye2g4,Ye2h5]} Nf4 (21... Bd4 22.
Bg4 $16) 22. Bg4+ Kd8 23. g3 Nxd5 24. exd5 {[%csl Rf7,Rg5]} Bf6 (24... f6 {
[%csl Rh8] In that case black would hang on to his g and f-P but Bh8 would
just be terrible placed} 25. Be6 $18) 25. Kd3 Bc8 26. Bxc8 Kxc8 27. Ke4 Kc7 28.
Kf5 a6 29. Bxg5 Bxg5 30. Kxg5 Kd7 31. Kh6 e5 32. Kg7 Ke7 33. Rh8 Rxh8 34. Kxh8
1-0

[Event "Budapest FS06 GM"]
[Site "Budapest"]
[Date "1995.??.??"]
[Round "8"]
[White "Farago, Sandor"]
[Black "Kallai, Gabor"]
[Result "0-1"]
[WhiteElo "2360"]
[BlackElo "2500"]
[Annotator "Hecht,H"]
[PlyCount "138"]
[EventDate "1995.06.??"]
[EventType "tourn"]
[EventRounds "11"]
[EventCountry "HUN"]
[EventCategory "9"]
[SourceTitle "CBM 049"]
[Source "ChessBase"]
[SourceDate "1995.12.01"]
[SourceVersion "1"]
[SourceVersionDate "1995.12.01"]
[SourceQuality "1"]

1. e4 {King} c5 2. Nf3 Nc6 3. d4 cxd4 4. Nxd4 g6 5. c4 Bg7 6. Be3 Nf6 7. Nc3
Ng4 8. Qxg4 Nxd4 9. Qd1 e5 10. Bd3 O-O 11. O-O d6 12. Nd5 Be6 13. Qd2 Bxd5 14.
cxd5 Qb6 15. Rac1 Rac8 16. Rc3 Rc5 {King: Kallai's improvement over his game
against Enders. The position is equal.} 17. Rxc5 dxc5 18. Rc1 Rd8 19. Kh1 a6
20. Bc4 Qd6 21. a4 f5 22. f3 Bf6 23. a5 Kg7 24. Rb1 f4 25. Bf2 Be7 26. Be1 Qc7
27. Qc3 Bd6 28. Qd3 Qe7 29. Bc3 g5 30. Re1 Qf6 31. Qd1 h5 32. Bd3 Kh6 33. Bb1
Rg8 34. Qd3 g4 35. Bxd4 cxd4 36. Rc1 Qh4 37. Qe2 Qd8 38. Qd2 Qg5 39. Qe2 h4 {
King: Neither bishop is particularly wonderful, it is Black's typical 'King's
Indian' pawn storm that makes the difference.} 40. Bd3 h3 41. Rg1 gxf3 42. Qxf3
hxg2+ 43. Rxg2 Qxg2+ 44. Qxg2 Rxg2 45. Kxg2 {Ungleiche L bei jeweils 2
getrenntenFreibauern} Kg5 46. Kf3 Bb4 47. Bf1 Bxa5 48. Bh3 Bb4 49. Bf1 {
Vorschlag zu Lc8!?:} (49. Bc8 d3 50. Bxb7 d2 51. Ke2 f3+ 52. Kd1 Kh4 53. d6 Kh3
54. d7 Ba5 55. Bxa6 Kxh2 56. d8=Q Bxd8 57. Kxd2 Kg1 58. Kc3 f2 59. Kb4 (59. Bd3
f1=Q (59... Bb6 $1 60. Kc4 Bd4 61. b4 f1=Q 62. Bxf1 Kxf1 63. b5 Ke2 64. Kd5 Ke3
65. b6 Kf4 66. b7 Ba7 $19) 60. Bxf1 Kxf1 61. Kc4 Ke2 62. Kd5 Bc7 63. Kc6 Bb8
64. Kb7 Kd3 65. Kxb8 Kxe4 66. Kc7 Kd5 67. b4 Kc4 68. Kc6 $10) 59... Bb6 $1 (
59... f1=Q 60. Bxf1 Kxf1 61. Kc5 $10 Ke2 (61... Bc7 62. Kc6 Bb8 63. Kb7 Ke2 64.
Kxb8 Kd3 65. Kc7 Kxe4 66. Kc6 Kd4 67. b4 $10) 62. Kd6 Bf6 63. b4 Kd3 64. Ke6 (
64. b5 Kxe4 65. b6 Kd4 66. b7 e4 $19) 64... Kxe4 65. Kxf6 Kd5 66. Kf5 e4 67.
Kf4 Kd4 68. b5 $10) 60. Bc4 Bd4 61. b3 f1=Q 62. Bxf1 Kxf1 63. Kc4 Ke2 64. b4
Ke3 65. Kd5 Kf4 66. b5 Be3 $19 {Zugzwang}) 49... Kh4 50. Kf2 Be7 51. Kf3 Bd8
52. Kg2 Kg4 53. Be2+ f3+ $1 54. Bxf3+ Kf4 55. d6 d3 56. d7 a5 57. b3 b5 58. Bd1
Kxe4 59. Kg3 Kd4 60. h4 e4 61. h5 e3 62. h6 (62. Kf3 e2 63. Bxe2 dxe2 64. Kxe2
Ke5 65. Kd3 Kf5 66. Kd4 Kg5 67. Kc5 b4 68. Kc6 Kxh5 69. Kb7 a4 70. bxa4 b3 71.
Kc8 Ba5 72. d8=Q Bxd8 73. Kxd8 b2 $19) 62... e2 63. Bxe2 dxe2 64. Kf2 Kd3 65.
h7 Bh4+ 66. Kg2 e1=Q 67. h8=Q Qg3+ 68. Kh1 Qf3+ (68... Qh3+ 69. Kg1 Bf2+ {
Damengewinn}) 69. Kh2 Bg3+ {mit Matt} 0-1